A guide to the identification of training needs
| Main Author: | |
|---|---|
| Format: | Book |
| Published: |
London :
Bacie ,
1971
|
| Subjects: |
MARC
| LEADER | 00000cam a2200000 7i4500 | ||
|---|---|---|---|
| 001 | 0000000196 | ||
| 005 | 20050430.0 | ||
| 020 | |a 85171059x | ||
| 040 | |a INS | ||
| 090 | 0 | 0 | |a HD5715. |b B7899 1971 |
| 100 | 1 | |a Boydell, T.H. | |
| 245 | 1 | 2 | |a A guide to the identification of training needs |c T.H. Boydell |
| 260 | |a London : |b Bacie , |c 1971 | ||
| 300 | |a 43p ; |c 24 cm. | ||
| 650 | 0 | 0 | |a Training |
| 650 | 0 | 0 | |a Training needs |
| 999 | |a 0000005896 |b BOOK |c Open Shelf |e Default branch | ||